00593 2200193 4500001002100000005001500021035002000036245014000056100003100196250000600227300003800233260003400271082001200305084001800317020001800335650001200353990001700365990001700382INLIS00000000000127720190809012614 a0010-08190000221 aMencegah dan Menanggulangi Penyalahgunaan Narkoba :bPedoman Bagi Orang Tua, Guru dan Penyuluh Masyarakat /cdr. Harlina Pribadi, S.K.M0 adr. Harlina Pribadi, S.K.M a- aviii, 180 hlm. :bilus. ;c21 cm. aJakarta :bCakra Media,c2007 a362.293 a362.293 HAR m a979-573-140-8 aNarkoba a04582/H/2018 a04583/H/2018